| 000 | 00447nam a2200181Ia 4500 | ||
|---|---|---|---|
| 001 | 44780 | ||
| 008 | 140428s9999 xx 000 0 und d | ||
| 020 | _aNA | ||
| 040 | _cPK-LaUMT | ||
| 082 |
_aRHC 891.4393 _bWAQ-F |
||
| 100 | _aWaqar Azeem | ||
| 245 |
_aFan aur fankaar (Urdu) _cWaqar Azeem |
||
| 260 |
_aLahore,Pakistan: _bUmair Publishers, _c1966 |
||
| 300 | _a285 p. | ||
| 546 | _aUR | ||
| 650 | _aPakistani literature-Urdu | ||
| 942 | _cBK | ||
| 999 |
_c42759 _d42759 |
||